000
00314nam a2200121Ia 4500
008
180117s9999 xx 000 0 und d
100
_a
by Beth Day Romulo
245
_a
Another Day
260
_c
2015
300
_a
17-18 pages, 2015 December 20
440
_a
Philippine Panorama
650
_a
A NEW SOURCE OF LIGHT
999
_c
353508
_d
353508